Návrh opatrení v oblasti riadenia zásob a skladového hospodárstva pre spojovací materiál v podniku Tower Automotive, a.s.

Gespeichert in:
Bibliographische Detailangaben
1. Verfasser: Fóka, Martin (Verfasst von)
Weitere Verfasser: Fidlerová, Helena (Betreuung Doktorarbeit)
Format: Manuskript Buch
Sprache:Slowakisch
Veröffentlicht: 2017
Schlagworte:
Online-Zugang:http://is.stuba.sk/zp/portal_zp.pl?podrobnosti=114945
Tags: Tag hinzufügen
Keine Tags, Fügen Sie das erste Tag hinzu!

MARC

LEADER 00000ntm a22000003a 4500
001 stuzp62143
003 SK-STU
005 20170701210503.4
007 ta
008 150427s2015----xo-----f-mn---000-0-slo-d
040 |a STU  |b slo 
041 0 |a slo 
100 1 |a Fóka, Martin  |u 064000  |4 aut  |U MTF Materiálovotechnologická fakulta  |T MTF Ústav priemyselného inžinierstva a manažmentu  |X 69941  |U M4000  |Y 84  |7 69941 
242 0 1 |a Measures in the supply and stocking management for connective materials in the company Tower Automotive, a.s.  |y eng 
245 1 0 |a Návrh opatrení v oblasti riadenia zásob a skladového hospodárstva pre spojovací materiál v podniku Tower Automotive, a.s. 
260 |c 2017 
650 4 |a riadenie zásob  |2 slo 
650 4 |a skladové hospodárstvo  |2 slo 
650 4 |a zásoby  |2 slo 
650 4 |a sklady  |2 slo 
650 4 |a logistika  |2 slo 
650 4 |a stocking management  |2 eng 
650 4 |a supplies  |2 eng 
650 4 |a supply management  |2 eng 
650 4 |a warehouses  |2 eng 
650 4 |a logistics  |2 eng 
700 1 |a Fidlerová, Helena  |u 064000  |k Z2  |4 ths  |U MTF Materiálovotechnologická fakulta  |T MTF Ústav priemyselného inžinierstva a manažmentu  |X 3662  |U M4000  |Y 84  |7 A000003662 
856 4 |u http://is.stuba.sk/zp/portal_zp.pl?podrobnosti=114945 
996 |c M* BP-7908  |l MMSKP  |s P  |a 0  |w stuzp62143_0001